[Event "Ïåðâåíñòâî Ìîñêâû ïî øàõìàòàì 2015 ñðåäè"]
[Site "Moscow"]
[Date "2015.11.18"]
[Round "7.13"]
[White "Ãåðàñèìîâ, Âàäèì."]
[Black "Ìàõëèí, Ìèðîí."]
[Result "0-1"]
[WhiteElo "1299"]
[BlackElo "1726"]
[PlyCount "102"]
[EventDate "2015.11.12"]

1. e4 c6 2. d4 d5 3. Nc3 dxe4 4. Nxe4 Bf5 5. Ng3 Bg6 6. Nf3 Nd7 7. h4 h6 8. h5
Bh7 9. Bd3 Bxd3 10. Qxd3 e6 11. Bd2 Ngf6 12. O-O-O a5 13. c4 Bb4 14. Kb1 O-O
15. a3 Bxd2 16. Rxd2 Qb8 17. Ne2 Ng4 18. Nc3 Ra7 19. Rh4 Ngf6 20. g4 Nh7 21.
Ne1 a4 22. Ng2 Ra5 23. Na2 e5 24. Ne3 Ng5 25. Qe2 exd4 26. Rxd4 Nc5 27. Nc1
Nce6 28. Rd1 Qf4 29. Nd3 Qf3 30. Qd2 Raa8 31. Ne1 Qf6 32. Nf5 Rfd8 33. Qe2 Nd4
34. Nxd4 Rxd4 35. Rh2 Rad8 36. Rxd4 Qxd4 37. Kc2 Qf4 38. f3 Rd4 39. Kc3 b5 40.
cxb5 cxb5 41. Qe8+ Kh7 42. Qxb5 Qe3+ 43. Nd3 Ne6 44. Rf2 Rd8 45. Qc4 Kg8 46.
Rd2 Qxf3 47. Kc2 Nd4+ 48. Kb1 Nb3 49. Rf2 Qxd3+ 50. Qxd3 Rxd3 51. Rf4 Rd4 0-1

[Event "Ïåðâåíñòâî Ìîñêâû ïî øàõìàòàì 2015 ñðåäè"]
[Site "Moscow"]
[Date "2015.11.18"]
[Round "7.14"]
[White "Ìèíüêî, Äìèòðèé."]
[Black "Èâàíîâ-×åðíåö, Êèðèëë."]
[Result "1-0"]
[WhiteElo "1903"]
[BlackElo "1491"]
[PlyCount "59"]
[EventDate "2015.11.12"]

1. e4 e6 2. d4 d5 3. Nc3 Nf6 4. e5 Nfd7 5. Nce2 c5 6. c3 Qb6 7. a3 Nc6 8. Nf3
Be7 9. Nf4 g5 10. Nxe6 fxe6 11. Nxg5 Bxg5 12. Bxg5 Ne7 13. Qh5+ Ng6 14. Bd3
Ndf8 15. Bxg6+ Nxg6 16. Bf6 Rg8 17. Qxh7 Kf8 18. Bg5 Rg7 19. Bh6 Qc7 20. Qxg6
cxd4 21. Qf6+ Kg8 22. Qxg7+ Qxg7 23. Bxg7 Kxg7 24. cxd4 a5 25. Kd2 Bd7 26. Rac1
Bc6 27. Ke3 Rf8 28. f4 Kh6 29. g4 Rf7 30. h4 1-0

[Event "Ïåðâåíñòâî Ìîñêâû ïî øàõìàòàì 2015 ñðåäè"]
[Site "Moscow"]
[Date "2015.11.18"]
[Round "7.15"]
[White "Êèðååâ, Èãîðü."]
[Black "Ëóïîëîâ, Áîðèñ."]
[Result "1-0"]
[WhiteElo "1563"]
[BlackElo "1889"]
[PlyCount "65"]
[EventDate "2015.11.12"]

1. e4 c6 2. d4 d5 3. e5 c5 4. c3 Nc6 5. h3 Bf5 6. g4 Be4 7. f3 Bxb1 8. Rxb1
cxd4 9. Qb3 Rb8 10. Bb5 e6 11. Ne2 dxc3 12. bxc3 Rc8 13. Nd4 Qc7 14. f4 g5 15.
Qa4 gxf4 16. Nxc6 bxc6 17. Bxc6+ Kd8 18. Bb5 Qxc3+ 19. Ke2 Qg3 20. Bxf4 Qg2+
21. Kd3 Qf3+ 22. Kd2 Bc5 23. Be2 Qg2 24. Rhc1 Qf2 25. Rb7 Rc7 26. Rb8+ Rc8 27.
Rxc8+ Kxc8 28. Qc6+ Kd8 29. Bg5+ f6 30. Rxc5 Qd4+ 31. Kc2 Qe4+ 32. Bd3 Qg2+ 33.
Kb3 1-0

[Event "Ïåðâåíñòâî Ìîñêâû ïî øàõìàòàì 2015 ñðåäè"]
[Site "Moscow"]
[Date "2015.11.18"]
[Round "7.16"]
[White "Áåëèêîâ, Ñåìåí."]
[Black "Ùåðáàêîâ, Ìèõàèë."]
[Result "1-0"]
[WhiteElo "1724"]
[BlackElo "1485"]
[PlyCount "31"]
[EventDate "2015.11.12"]

1. e4 d5 2. exd5 Qxd5 3. Nc3 Qa5 4. d4 Nf6 5. Bd2 Bf5 6. Qf3 c6 7. b4 Qxb4 8.
Qxf5 e6 9. Qd3 Bd6 10. Ne4 Qa3 11. Qxa3 Bxa3 12. Nxf6+ gxf6 13. Rb1 b5 14. c4
a6 15. Nf3 Rg8 16. g3 1-0

[Event "Ïåðâåíñòâî Ìîñêâû ïî øàõìàòàì 2015 ñðåäè"]
[Site "Moscow"]
[Date "2015.11.18"]
[Round "7.17"]
[White "Çàéöåâ, Þðèé."]
[Black "Êóðóñü, Àðòåì."]
[Result "1-0"]
[WhiteElo "1554"]
[BlackElo "1630"]
[PlyCount "77"]
[EventDate "2015.11.12"]

1. e4 e5 2. Nf3 Nf6 3. Nxe5 d6 4. Nf3 Nxe4 5. d4 d5 6. Bd3 Bd6 7. O-O O-O 8. c4
c6 9. Nc3 Nxc3 10. bxc3 dxc4 11. Bxc4 Bg4 12. Qd3 b5 13. Bb3 Nd7 14. Qe4 Bxf3
15. Qxf3 Qc7 16. h3 h6 17. Be3 Nb6 18. Qe2 a6 19. c4 bxc4 20. Bxc4 Nxc4 21.
Qxc4 a5 22. Rfc1 Rfc8 23. Rc3 Bb4 24. Rc2 Qd6 25. Bd2 c5 26. Bxb4 cxb4 27.
Qxc8+ Rxc8 28. Rxc8+ Kh7 29. Rd1 Qe6 30. Rc2 b3 31. axb3 Qxb3 32. Rcc1 a4 33.
d5 Qb7 34. d6 Qd7 35. Rc7 Qd8 36. d7 Qxc7 37. d8=Q Qc2 38. Qd3+ Qxd3 39. Rxd3
1-0

[Event "Ïåðâåíñòâî Ìîñêâû ïî øàõìàòàì 2015 ñðåäè"]
[Site "Moscow"]
[Date "2015.11.18"]
[Round "7.18"]
[White "Öûìáàë, Åâãåíèé."]
[Black "Ñàõèí, Ëåîíèä."]
[Result "1-0"]
[WhiteElo "1628"]
[BlackElo "1421"]
[PlyCount "39"]
[EventDate "2015.11.12"]

1. e4 e6 2. d4 d5 3. Nc3 Nf6 4. Bg5 Be7 5. e5 Nfd7 6. Bxe7 Qxe7 7. Nb5 Nb6 8.
a4 a6 9. a5 Nc4 10. Bxc4 dxc4 11. Nc3 Bd7 12. Nge2 c5 13. Ne4 cxd4 14. Nd6+ Kf8
15. Qxd4 Qg5 16. Qc5 Qxg2 17. Nc8+ Kg8 18. Ne7+ Kf8 19. Ng6+ Ke8 20. Qe7# 1-0

[Event "Ïåðâåíñòâî Ìîñêâû ïî øàõìàòàì 2015 ñðåäè"]
[Site "Moscow"]
[Date "2015.11.18"]
[Round "7.20"]
[White "Òèøêèí, Áîðèñ."]
[Black "Î÷èðîâ, Ëèäæè."]
[Result "1-0"]
[WhiteElo "1390"]
[BlackElo "1605"]
[PlyCount "61"]
[EventDate "2015.11.12"]

1. d4 d5 2. c4 c6 3. Nc3 Nf6 4. Nf3 e6 5. Bf4 Nbd7 6. c5 b6 7. b4 a5 8. a3 Bb7
9. e3 Be7 10. Bd3 O-O 11. h3 axb4 12. axb4 Rxa1 13. Qxa1 Qa8 14. O-O h6 15. Qb2
Qc8 16. Ra1 Bd8 17. Ra7 Bc7 18. Ba6 Bxf4 19. Bxb7 Qb8 20. Qa3 Bc7 21. Bxc6 Qd8
22. Bxd7 Nxd7 23. c6 Nf6 24. Nb5 Ne8 25. Qa6 f6 26. Qb7 Rf7 27. Ra8 Qe7 28.
Nxc7 Qxc7 29. Rxe8+ Kh7 30. Qxc7 Rxc7 31. Rxe6 1-0

[Event "Ïåðâåíñòâî Ìîñêâû ïî øàõìàòàì 2015 ñðåäè"]
[Site "Moscow"]
[Date "2015.11.18"]
[Round "7.21"]
[White "Áîãåð, Þðèé."]
[Black "Äóíàåâ, Äåíèñ."]
[Result "1-0"]
[WhiteElo "1321"]
[BlackElo "1594"]
[PlyCount "59"]
[EventDate "2015.11.12"]

1. e4 e6 2. d4 d5 3. e5 c5 4. c3 Nc6 5. Nf3 Nge7 6. Bd3 Ng6 7. O-O Be7 8. dxc5
Bxc5 9. b4 Bb6 10. Qe2 Bc7 11. Bxg6 hxg6 12. b5 Ne7 13. Nd4 Bb6 14. Ba3 Bxd4
15. cxd4 Nf5 16. h3 Nxd4 17. Qd3 Nf5 18. g4 Ne7 19. Bd6 Bd7 20. Rc1 Nc8 21. Bc7
Qh4 22. Kg2 O-O 23. Nd2 a6 24. a4 Qe7 25. b6 Bc6 26. Rxc6 bxc6 27. b7 Rb8 28.
Bxb8 Qxb7 29. Rb1 Qa8 30. Qa3 1-0

[Event "Ïåðâåíñòâî Ìîñêâû ïî øàõìàòàì 2015 ñðåäè"]
[Site "Moscow"]
[Date "2015.11.18"]
[Round "7.22"]
[White "Êóæåëåâ, Òèìóð."]
[Black "Ìàêñèìåíêî, Àðñåíèé."]
[Result "0-1"]
[WhiteElo "1594"]
[BlackElo "1451"]
[PlyCount "52"]
[EventDate "2015.11.12"]

1. e4 d5 2. exd5 Qxd5 3. Nc3 Qd6 4. Nf3 Nf6 5. d4 g6 6. Nb5 Qd8 7. Bd3 a6 8.
Nc3 Bg7 9. Be3 Nbd7 10. Qd2 O-O 11. h3 b5 12. O-O-O Rb8 13. Bh6 Bb7 14. Bxg7
Kxg7 15. h4 c5 16. dxc5 Nxc5 17. Qe3 Nxd3+ 18. Rxd3 Qc7 19. Rg1 b4 20. Ne2 Be4
21. Rd2 Rfc8 22. Qf4 Qa5 23. Kb1 b3 24. a3 bxc2+ 25. Ka1 Rb3 26. Ka2 Rcb8 0-1

[Event "Ïåðâåíñòâî Ìîñêâû ïî øàõìàòàì 2015 ñðåäè"]
[Site "Moscow"]
[Date "2015.11.18"]
[Round "7.23"]
[White "Ïëàêñèí, Èãîðü."]
[Black "Òðîôèìîâ, Áîðèñ."]
[Result "1-0"]
[WhiteElo "1516"]
[BlackElo "1560"]
[PlyCount "71"]
[EventDate "2015.11.12"]

1. e4 c6 2. d4 d5 3. exd5 cxd5 4. c4 e6 5. Nc3 Nf6 6. Nf3 Nc6 7. c5 Be7 8. Bb5
Bd7 9. O-O O-O 10. Re1 a6 11. Bxc6 Bxc6 12. Ne5 Rc8 13. Bf4 Nd7 14. b4 Bf6 15.
Nxc6 Rxc6 16. a4 Re8 17. b5 Rc8 18. Rc1 Bg5 19. Bxg5 Qxg5 20. Qf3 Nf8 21. a5
Ng6 22. bxa6 bxa6 23. Rb1 Rb8 24. Rb6 Rxb6 25. axb6 Ne7 26. Qe3 Qf6 27. Ra1 Ra8
28. b7 Rb8 29. Rxa6 Nf5 30. Qe5 Qd8 31. c6 Nd6 32. Nb5 Nxb7 33. c7 Qc8 34.
cxb8=Q Nd6 35. Qexd6 Qxb8 36. Qxb8# 1-0

[Event "Ïåðâåíñòâî Ìîñêâû ïî øàõìàòàì 2015 ñðåäè"]
[Site "Moscow"]
[Date "2015.11.18"]
[Round "7.24"]
[White "Èâàíîâ, Èëüÿ."]
[Black "Ïàâëîâ, Èâàí."]
[Result "1/2-1/2"]
[WhiteElo "1544"]
[BlackElo "1394"]
[PlyCount "90"]
[EventDate "2015.11.12"]

1. d4 e6 2. c4 d5 3. Nc3 Nf6 4. Bf4 dxc4 5. Qa4+ Nc6 6. Qxc4 Qxd4 7. Qxd4 Nxd4
8. O-O-O c5 9. e3 Nc6 10. Nb5 Ne4 11. Nc7+ Ke7 12. Nh3 e5 13. Nxa8 exf4 14. f3
Bxh3 15. fxe4 Bg4 16. Re1 g6 17. Nc7 fxe3 18. Rxe3 Bh6 19. Nd5+ Kd6 20. Bc4
Bxe3+ 21. Nxe3 Be6 22. Bxe6 Kxe6 23. Rf1 Rd8 24. Ng4 f5 25. exf5+ gxf5 26. Ne3
Nd4 27. Re1 Kf6 28. Rf1 Kg5 29. h4+ Kxh4 30. Nxf5+ Nxf5 31. Rxf5 b6 32. Rf7 h5
33. Rxa7 Rg8 34. Rb7 Rg6 35. a4 Kg3 36. a5 bxa5 37. Rb5 Rc6 38. Rxa5 Kxg2 39.
Ra4 c4 40. Ra5 h4 41. Rg5+ Kh2 42. Kd2 h3 43. Kc3 Rc8 44. Rg7 Kh1 45. Rg6 Kh2
1/2-1/2

[Event "Ïåðâåíñòâî Ìîñêâû ïî øàõìàòàì 2015 ñðåäè"]
[Site "Moscow"]
[Date "2015.11.18"]
[Round "7.25"]
[White "Èâàíîâ, Ñòåïàí."]
[Black "Êàðàåâ, Àðòóð."]
[Result "1-0"]
[WhiteElo "1381"]
[BlackElo "1462"]
[PlyCount "25"]
[EventDate "2015.11.12"]

1. d4 d5 2. c4 c6 3. Nf3 Bf5 4. cxd5 cxd5 5. Qb3 b6 6. Nc3 e6 7. e4 dxe4 8.
Bb5+ Nd7 9. Ne5 Ngf6 10. Bg5 Be7 11. Bxf6 Bxf6 12. Nxd7 Ke7 13. Qb4+ 1-0

[Event "Ïåðâåíñòâî Ìîñêâû ïî øàõìàòàì 2015 ñðåäè"]
[Site "Moscow"]
[Date "2015.11.18"]
[Round "7.26"]
[White "Ãîðíîñòàåâ, ßêîâ."]
[Black "Íèêóëüøèí, Àëåêñåé."]
[Result "1/2-1/2"]
[WhiteElo "1452"]
[BlackElo "1440"]
[PlyCount "105"]
[EventDate "2015.11.12"]

1. d4 e6 2. c4 d5 3. c5 b6 4. b4 a5 5. Bd2 axb4 6. Bxb4 bxc5 7. Bxc5 Bxc5 8.
dxc5 Bd7 9. Nd2 Nf6 10. Ngf3 O-O 11. e3 Qe7 12. Nb3 Na6 13. Bxa6 Rxa6 14. O-O
Rfa8 15. Qc2 Ba4 16. Rfc1 Ne4 17. Ne5 h6 18. h3 Bxb3 19. Qxb3 Nxc5 20. Qb4 Qd6
21. Nxf7 Nd3 22. Nxd6 Nxb4 23. Nb5 Rxa2 24. Rxa2 Rxa2 25. Nxc7 Kf7 26. Rb1 Nd3
27. Rb7 Nc5 28. Rb6 Ra1+ 29. Kh2 Ra2 30. f3 Ra3 31. Rc6 Ra5 32. Kg3 Ke7 33. Rb6
Ra7 34. Nb5 Ra6 35. Rxa6 Nxa6 36. Kf4 Kf6 37. Kg4 Nc5 38. Kh5 Nd3 39. g4 Ne1
40. f4 Ng2 41. g5+ hxg5 42. fxg5+ Kf7 43. Nd6+ Ke7 44. Nb5 Nxe3 45. Kg6 Nf5 46.
h4 d4 47. h5 d3 48. h6 gxh6 49. gxh6 d2 50. Nc3 Nxh6 51. Kxh6 Kf6 52. Ne4+ Kf5
53. Nxd2 1/2-1/2

[Event "Ïåðâåíñòâî Ìîñêâû ïî øàõìàòàì 2015 ñðåäè"]
[Site "Moscow"]
[Date "2015.11.18"]
[Round "7.27"]
[White "Àáäóðàèìîâ, Ýñìåò."]
[Black "Èâàíîâ, Åãîð."]
[Result "1-0"]
[WhiteElo "1688"]
[BlackElo "1348"]
[PlyCount "59"]
[EventDate "2015.11.12"]

1. e4 c6 2. d4 d5 3. exd5 cxd5 4. c4 e6 5. Nc3 Bb4 6. Bf4 Nc6 7. a3 Bxc3+ 8.
bxc3 Qf6 9. Qd2 Nge7 10. Bg5 Qg6 11. Bd3 f5 12. Ne2 h6 13. Bxe7 Nxe7 14. Nf4
Qf6 15. h4 O-O 16. Rh3 Ng6 17. Rg3 Nxf4 18. Qxf4 Kh8 19. h5 Re8 20. Rg6 Qe7 21.
Qe5 Bd7 22. Rxh6+ Kg8 23. Rg6 Qf7 24. Qg3 e5 25. h6 exd4+ 26. Kf1 Re6 27. Rxg7+
Kh8 28. Rxf7 Rg8 29. Qc7 Be8 30. Rh7# 1-0

[Event "Ïåðâåíñòâî Ìîñêâû ïî øàõìàòàì 2015 ñðåäè"]
[Site "Moscow"]
[Date "2015.11.18"]
[Round "7.28"]
[White "Ãóáàíîâ, Òèìîôåé."]
[Black "Êàðëîâ, Åãîð."]
[Result "0-1"]
[WhiteElo "1418"]
[BlackElo "1681"]
[PlyCount "88"]
[EventDate "2015.11.12"]

1. e4 e6 2. d4 d5 3. Nd2 c5 4. dxc5 Bxc5 5. Nb3 Bb6 6. exd5 exd5 7. Bd3 Nf6 8.
Qe2+ Be6 9. Nf3 O-O 10. O-O Nc6 11. c3 Re8 12. Qc2 Qc7 13. Bg5 Ne4 14. Bh4 h6
15. Rfe1 Nd6 16. Bg3 Qd7 17. Rad1 Rad8 18. Bh4 Rc8 19. Qd2 Ne7 20. Ne5 Qc7 21.
Bf1 Ne4 22. Qf4 g5 23. Qf3 Qxe5 24. Bg3 Qf5 25. Bb5 Qxf3 26. gxf3 Nxg3 27. Bxe8
Ngf5 28. Bb5 Nh4 29. Be2 Bh3 30. Rd3 Ng2 31. Red1 Nf4 32. R3d2 Re8 33. Bf1 Bxf1
34. Kxf1 Nf5 35. Nd4 Bxd4 36. cxd4 Nh4 37. Rc2 Nxf3 38. Rc7 Nxh2+ 39. Kg1 Nf3+
40. Kf1 h5 41. Rxb7 h4 42. Rb3 h3 43. Rxf3 h2 44. Rxf4 h1=Q# 0-1

[Event "Ïåðâåíñòâî Ìîñêâû ïî øàõìàòàì 2015 ñðåäè"]
[Site "Moscow"]
[Date "2015.11.18"]
[Round "7.29"]
[White "Êàçàêîâ, Ãëåá."]
[Black "Ëóòàí, Ãëåá."]
[Result "1/2-1/2"]
[WhiteElo "1522"]
[BlackElo "1320"]
[PlyCount "100"]
[EventDate "2015.11.12"]

1. e4 c6 2. d4 d5 3. Nc3 e6 4. Nge2 Nd7 5. e5 c5 6. f4 cxd4 7. Nxd4 Bc5 8. Nce2
b6 9. c3 Bb7 10. Ng3 Bxd4 11. Qxd4 f6 12. Bb5 Rc8 13. Bxd7+ Qxd7 14. O-O Ba6
15. Re1 f5 16. Qe3 Nh6 17. h3 O-O 18. Ne2 Bxe2 19. Rxe2 Qe7 20. Qd3 Rfd8 21.
Be3 Rc4 22. Bd4 Rdc8 23. Rc1 Nf7 24. Rcc2 Nd8 25. g3 Nb7 26. Kg2 Nc5 27. Bxc5
R8xc5 28. b3 Re4 29. c4 Qd7 30. cxd5 Rxc2 31. Qxc2 exd5 32. Qd3 Kf7 33. Kf3 Ke6
34. g4 g6 35. Rd2 Qb7 36. Kg3 b5 37. g5 d4 38. Re2 Rxe2 39. Qxe2 a6 40. Qd2 Qe4
41. Qc1 Qb7 42. Qc5 Qd5 43. Qc8+ Ke7 44. Qxa6 d3 45. Qd6+ Qxd6 46. exd6+ Kxd6
47. Kf3 b4 48. Ke3 Kc5 49. Kxd3 Kd5 50. h4 Kc5 1/2-1/2

[Event "Ïåðâåíñòâî Ìîñêâû ïî øàõìàòàì 2015 ñðåäè"]
[Site "Moscow"]
[Date "2015.11.18"]
[Round "7.31"]
[White "Êàëèòà, Äàíèèë."]
[Black "Êíÿçåâ, Àðòåì."]
[Result "0-1"]
[WhiteElo "1448"]
[BlackElo "1504"]
[PlyCount "30"]
[EventDate "2015.11.12"]

1. d4 d5 2. c4 e6 3. Nf3 dxc4 4. e4 Bb4+ 5. Bd2 Bxd2+ 6. Qxd2 b5 7. a4 c6 8.
Nc3 Bd7 9. Ne5 Ne7 10. Nxd7 Qxd7 11. axb5 cxb5 12. Ra5 Nbc6 13. Ra1 Qxd4 14.
Nxb5 Qxe4+ 15. Be2 Qxg2 {äàëåå áåëûå ñäåëàëè íåâîçìîæíûé õîä 0-0-0} 0-1

[Event "Ïåðâåíñòâî Ìîñêâû ïî øàõìàòàì 2015 ñðåäè"]
[Site "Moscow"]
[Date "2015.11.18"]
[Round "7.32"]
[White "Æóê, Êèðèëë."]
[Black "Ôåéçóëëèí, Äàíèÿð."]
[Result "1-0"]
[WhiteElo "1351"]
[BlackElo "1419"]
[PlyCount "55"]
[EventDate "2015.11.12"]

1. e4 c5 2. Nf3 e6 3. d3 Nc6 4. g3 d6 5. Bg2 e5 6. c3 Nge7 7. d4 cxd4 8. cxd4
Ng6 9. d5 Nb8 10. Be3 Be7 11. Nbd2 O-O 12. O-O f5 13. exf5 Bxf5 14. Nc4 Bg4 15.
h3 Bxf3 16. Bxf3 Nd7 17. Bg2 Rc8 18. Rc1 b6 19. Nd2 Nc5 20. Ne4 Nxe4 21. Bxe4
Qe8 22. Qg4 Rxc1 23. Rxc1 Qb5 24. Bxg6 hxg6 25. Qe6+ Rf7 26. Rc8+ Bf8 27. Rc7
Qe8 28. Qxe8 1-0

[Event "Ïåðâåíñòâî Ìîñêâû ïî øàõìàòàì 2015 ñðåäè"]
[Site "Moscow"]
[Date "2015.11.18"]
[Round "7.33"]
[White "Ïåòóõîâ, Íèêèòà."]
[Black "Ìîðîçîâ, Ôåäîð."]
[Result "0-1"]
[WhiteElo "1246"]
[BlackElo "1574"]
[PlyCount "86"]
[EventDate "2015.11.12"]

1. e4 e6 2. c4 d5 3. exd5 exd5 4. d4 Nf6 5. Nf3 c6 6. Bg5 Be7 7. Nc3 Bg4 8.
cxd5 Nxd5 9. Bxe7 Qxe7+ 10. Be2 Nf4 11. O-O O-O 12. Qc2 Nd7 13. Rfe1 Nxe2+ 14.
Rxe2 Qf6 15. Re3 Rfe8 16. Rae1 Rxe3 17. Rxe3 Bxf3 18. Rxf3 Qxd4 19. Rd3 Qe5 20.
Qd2 Nf6 21. Re3 Qc7 22. Ne4 Nxe4 23. Rxe4 Rd8 24. g3 h6 25. Qe2 Kf8 26. Kg2 Qa5
27. b3 Qd5 28. f3 Qd2 29. Kf2 Qxe2+ 30. Kxe2 Re8 31. Kd3 Rxe4 32. Kxe4 Ke7 33.
Ke5 g6 34. h4 f6+ 35. Kf4 Ke6 36. g4 g5+ 37. hxg5 hxg5+ 38. Ke4 a5 39. Kd4 b6
40. a3 f5 41. b4 axb4 42. axb4 fxg4 43. fxg4 c5+ 0-1

[Event "Ïåðâåíñòâî Ìîñêâû ïî øàõìàòàì 2015 ñðåäè"]
[Site "Moscow"]
[Date "2015.11.18"]
[Round "7.35"]
[White "Àðáóçîâ, Òèìîôåé."]
[Black "Øèÿôåòäèíîâ, Äàíèèë."]
[Result "1-0"]
[WhiteElo "1701"]
[BlackElo "1334"]
[PlyCount "63"]
[EventDate "2015.11.12"]

1. d4 d5 2. Nc3 Nf6 3. Bg5 Bf5 4. Bxf6 gxf6 5. e3 e6 6. Bd3 Bxd3 7. cxd3 Nc6 8.
Nge2 Qd7 9. a3 Rg8 10. g3 O-O-O 11. b4 b6 12. Qb3 Bh6 13. a4 a5 14. bxa5 Nxa5
15. Qb2 Qc6 16. Nb5 Qb7 17. Nc1 Rge8 18. Nb3 Qa6 19. O-O Nxb3 20. Qxb3 Qa5 21.
Rfc1 Re7 22. Qc2 Rdd7 23. Qc6 f5 24. Nd6+ Rxd6 25. Qxd6 Bxe3 26. Qxe7 Bxf2+ 27.
Kg2 Bxg3 28. Kxg3 c5 29. dxc5 d4 30. cxb6+ Kb8 31. Rc8+ Kxc8 32. Qc7# 1-0

[Event "Ïåðâåíñòâî Ìîñêâû ïî øàõìàòàì 2015 ñðåäè"]
[Site "Moscow"]
[Date "2015.11.19"]
[Round "8.1"]
[White "Ïðèâàëîâ, Èãîðü."]
[Black "Ïîãîñÿí, Ñòåôàí."]
[Result "1/2-1/2"]
[WhiteElo "2011"]
[BlackElo "2057"]
[PlyCount "78"]
[EventDate "2015.11.12"]

1. e4 e5 2. Nf3 Nc6 3. Bb5 a6 4. Ba4 Nf6 5. Bxc6 dxc6 6. O-O Bd6 7. d4 Nxe4 8.
dxe5 Be7 9. Qe2 Bf5 10. Rd1 Qc8 11. Nd4 O-O 12. g4 Bg6 13. f4 f5 14. exf6 Nxf6
15. f5 Bf7 16. Qxe7 Re8 17. Qa3 c5 18. Qxc5 b6 19. Qc3 c5 20. Nf3 Nxg4 21. h3
Nf6 22. Ng5 Qxf5 23. Nxf7 Ne4 24. Qe3 Qxf7 25. Qe2 Re6 26. Rf1 Ng3 27. Qf3 Nxf1
28. Qxa8+ Re8 29. Qg2 Re1 30. Qa8+ Re8 31. Qc6 Ng3 32. Nc3 Qf1+ 33. Kh2 Qf2+
34. Qg2 Nf1+ 35. Kh1 Ng3+ 36. Kh2 Nf1+ 37. Kh1 Ng3+ 38. Kh2 Nf1+ 39. Kh1 Ng3+
1/2-1/2

[Event "Ïåðâåíñòâî Ìîñêâû ïî øàõìàòàì 2015 ñðåäè"]
[Site "Moscow"]
[Date "2015.11.19"]
[Round "8.2"]
[White "Áóþêëè, Åãîð."]
[Black "Òàðàñîâ, Äàíèëà."]
[Result "1/2-1/2"]
[WhiteElo "1783"]
[BlackElo "1893"]
[PlyCount "87"]
[EventDate "2015.11.12"]

1. Nf3 d5 2. d4 Nf6 3. g3 e6 4. Bg2 c5 5. O-O Nc6 6. c4 dxc4 7. dxc5 Qxd1 8.
Rxd1 Bxc5 9. Nbd2 Ng4 10. Ne4 Be7 11. h3 Nge5 12. Nfd2 f5 13. Nc3 Na5 14. f4
Nd7 15. e4 Bc5+ 16. Kh2 O-O 17. exf5 Rxf5 18. Nde4 Rf8 19. Rxd7 Bxd7 20. Nxc5
Bc6 21. Nxe6 Rf6 22. Nd4 Bxg2 23. Kxg2 Rd8 24. Be3 Rfd6 25. Rd1 R8d7 26. Kf3 a6
27. f5 b5 28. a3 Nb7 29. Ne4 Rd5 30. g4 Nd8 31. Rd2 Nf7 32. Nc6 Rxd2 33. Bxd2
Rd3+ 34. Kf4 Rxh3 35. Nb8 h5 36. gxh5 Rh4+ 37. Kf3 Rxh5 38. Kg4 Rh2 39. Bc3 a5
40. Nc6 Nh6+ 41. Kf4 Rh4+ 42. Ke5 Rh5 43. Ne7+ Kf7 44. Kd6 1/2-1/2

[Event "Ïåðâåíñòâî Ìîñêâû ïî øàõìàòàì 2015 ñðåäè"]
[Site "Moscow"]
[Date "2015.11.19"]
[Round "8.3"]
[White "Âèíîêóð, Ëåîíèä."]
[Black "Ìàêàðÿí, Ðóäèê."]
[Result "0-1"]
[WhiteElo "1625"]
[BlackElo "1988"]
[PlyCount "122"]
[EventDate "2015.11.12"]

1. d4 e6 2. g3 Nf6 3. Bg2 c5 4. c3 d5 5. Nf3 Be7 6. O-O O-O 7. Nbd2 b6 8. Ne5
Bb7 9. Qb3 Nbd7 10. Nxd7 Nxd7 11. Nf3 Rc8 12. Rd1 Ba6 13. e3 Qc7 14. Bf1 Bxf1
15. Kxf1 a6 16. Qc2 f5 17. dxc5 Nxc5 18. Nd4 Qd7 19. Qe2 b5 20. Bd2 Bd6 21. Be1
Bb8 22. Rac1 e5 23. Nb3 Ne4 24. Kg1 Qf7 25. Nd2 Nf6 26. b3 e4 27. c4 Ng4 28. f3
Ne5 29. cxd5 Rxc1 30. Rxc1 Qxd5 31. f4 Nd3 32. Rd1 Ba7 33. Nf3 Qc6 34. Nd4 Qg6
35. Bc3 Rc8 36. Bb2 Bxd4 37. Bxd4 Qc6 38. Rd2 Qc1+ 39. Kg2 Qb1 40. Kh3 Rc6 41.
Kg2 Ne1+ 42. Kf2 Nf3 43. Rd1 Qc2 44. h3 Qxe2+ 45. Kxe2 Rc2+ 46. Kf1 Rxa2 47.
Bc3 Rc2 48. Ba1 Rh2 49. Bc3 Rh1+ 50. Ke2 Rxd1 51. Kxd1 Kf7 52. Ke2 g6 53. Kf2
Ke6 54. g4 Kd5 55. gxf5 gxf5 56. Kg3 Kc5 57. h4 h5 58. Kh3 b4 59. Bf6 a5 60.
Kg2 Nd2 61. Kf2 Nxb3 0-1

[Event "Ïåðâåíñòâî Ìîñêâû ïî øàõìàòàì 2015 ñðåäè"]
[Site "Moscow"]
[Date "2015.11.19"]
[Round "8.4"]
[White "Æóêîâ, Àíòîí."]
[Black "Ðóñòàìîâ, Ñåçãèí."]
[Result "1/2-1/2"]
[WhiteElo "1771"]
[BlackElo "1351"]
[PlyCount "94"]
[EventDate "2015.11.12"]

1. d4 g6 2. c4 Bg7 3. Nf3 d6 4. Nc3 Nf6 5. g3 O-O 6. Bg2 Nbd7 7. O-O e5 8. e4
Re8 9. Re1 a5 10. h3 b6 11. dxe5 dxe5 12. Nd5 Bb7 13. Qc2 Nxd5 14. cxd5 Bf8 15.
Bf1 Ba6 16. Bxa6 Rxa6 17. Bg5 f6 18. Be3 Kh8 19. Rac1 Bc5 20. Bxc5 Nxc5 21. Nd2
Qd7 22. Kg2 a4 23. b4 axb3 24. Nxb3 Nxb3 25. axb3 Ra7 26. Qc6 Qe7 27. Ra1 Rea8
28. Rac1 Kg7 29. Rc4 Rd8 30. Rec1 Rd6 31. Qb5 f5 32. exf5 gxf5 33. Rc6 Rg6 34.
Qc4 Rxc6 35. Qxc6 Qf6 36. Qxf6+ Kxf6 37. Rc6+ Kf7 38. Kf3 h5 39. g4 fxg4+ 40.
hxg4 h4 41. Kg2 Ra5 42. Rxc7+ Kf6 43. Kh3 Rxd5 44. Kxh4 Rb5 45. Rc3 Kg6 46.
Rc6+ Kg7 47. Rc3 Kg6 1/2-1/2

[Event "Ïåðâåíñòâî Ìîñêâû ïî øàõìàòàì 2015 ñðåäè"]
[Site "Moscow"]
[Date "2015.11.19"]
[Round "8.5"]
[White "Àãàáåêîâ, Ñàâåëèé."]
[Black "Çàêèðîâ, Àðòóð."]
[Result "1-0"]
[WhiteElo "1502"]
[BlackElo "1648"]
[PlyCount "111"]
[EventDate "2015.11.12"]

1. d4 d5 2. g3 Bf5 3. Bg2 c6 4. Nf3 Nf6 5. O-O Nbd7 6. c4 dxc4 7. Nc3 e6 8. Nh4
Bg6 9. Nxg6 hxg6 10. e4 Bb4 11. Bg5 Qa5 12. Bd2 Qh5 13. Qxh5 Rxh5 14. a3 Ba5
15. e5 Bxc3 16. Bxc3 Nd5 17. Bf3 Rh8 18. Be2 Nxc3 19. bxc3 b5 20. a4 a6 21.
Rfb1 Ke7 22. Bf3 Rac8 23. axb5 axb5 24. Ra7 Rhd8 25. Rba1 Kf8 26. Rb7 Ke8 27.
Raa7 f6 28. exf6 gxf6 29. h4 f5 30. h5 gxh5 31. Bxh5+ Ke7 32. Bf3 Kd6 33. Kf1
Ra8 34. Rxd7+ Rxd7 35. Rxa8 Rc7 36. Ra6 Kd7 37. Rb6 c5 38. Rxb5 cxd4 39. cxd4
c3 40. Rb1 c2 41. Rc1 Kd6 42. Ke2 Rc3 43. Bg2 e5 44. dxe5+ Kxe5 45. Kd2 Rc4 46.
Rxc2 Rd4+ 47. Ke3 Ra4 48. Rc5+ Kf6 49. Rc3 Kg5 50. Rd3 Kg4 51. Rd4+ Rxd4 52.
Kxd4 f4 53. gxf4 Kxf4 54. Kd5 Kf5 55. Be4+ Kf4 56. f3 1-0

[Event "Ïåðâåíñòâî Ìîñêâû ïî øàõìàòàì 2015 ñðåäè"]
[Site "Moscow"]
[Date "2015.11.19"]
[Round "8.6"]
[White "×èêîâàíè, Äàâèä."]
[Black "Èâëåâ, Àëåêñàíäð."]
[Result "1/2-1/2"]
[WhiteElo "1642"]
[BlackElo "1588"]
[PlyCount "89"]
[EventDate "2015.11.12"]

1. e4 c6 2. d4 d5 3. Nc3 dxe4 4. Nxe4 Nf6 5. Nxf6+ gxf6 6. c3 Bf5 7. Bd3 Bg6 8.
Qc2 e6 9. Be3 Nd7 10. O-O-O Qc7 11. Ne2 Bd6 12. h3 O-O-O 13. c4 c5 14. Bxg6
hxg6 15. Kb1 Kb8 16. Nc3 cxd4 17. Nb5 Qc6 18. Nxd6 Qxd6 19. Bxd4 Qc6 20. f3 e5
21. Bf2 Nb6 22. b3 Kc8 23. Rhe1 Rhe8 24. Re2 Rxd1+ 25. Qxd1 Rd8 26. Rd2 Rd7 27.
Rxd7 Nxd7 28. Qd3 Kc7 29. Kb2 b6 30. Kc3 Nf8 31. Be3 Ne6 32. Kd2 Ng7 33. Ke2
Nf5 34. Bf2 Ne7 35. h4 a5 36. h5 gxh5 37. Qh7 Qe6 38. Qxh5 Ng6 39. g3 e4 40. f4
f5 41. Qh7 Qd7 42. Be3 Qd3+ 43. Kf2 Qc2+ 44. Ke1 Qb1+ 45. Ke2 1/2-1/2

[Event "Ïåðâåíñòâî Ìîñêâû ïî øàõìàòàì 2015 ñðåäè"]
[Site "Moscow"]
[Date "2015.11.19"]
[Round "8.7"]
[White "Ïîëÿêîâ, Àíòîí."]
[Black "Âäîâèí, Ãåîðãèé."]
[Result "1-0"]
[WhiteElo "1797"]
[BlackElo "1640"]
[PlyCount "65"]
[EventDate "2015.11.12"]

1. e4 c6 2. d4 d5 3. f3 e6 4. Nc3 Be7 5. Be3 Qc7 6. Qd2 Nd7 7. Bd3 dxe4 8. fxe4
Ngf6 9. Nf3 c5 10. O-O cxd4 11. Nxd4 Ng4 12. g3 Nxe3 13. Qxe3 Bc5 14. Kg2 e5
15. Ndb5 Qd8 16. Qf3 Nf6 17. Nd5 a6 18. Nxf6+ gxf6 19. Nc3 Rg8 20. Nd5 Kf8 21.
Nxf6 Rg7 22. Qh5 Be7 23. Qxe5 Bxf6 24. Rxf6 Kg8 25. Rd6 Bd7 26. Rf1 Qc7 27. Rd5
Qc6 28. Qd6 Qxd6 29. Rxd6 Bc6 30. Kg1 Re8 31. Bxa6 Bxe4 32. Re1 bxa6 33. Rxe4
1-0

[Event "Ïåðâåíñòâî Ìîñêâû ïî øàõìàòàì 2015 ñðåäè"]
[Site "Moscow"]
[Date "2015.11.19"]
[Round "8.8"]
[White "Ìàõëèí, Ìèðîí."]
[Black "Äóäèí, Ãëåá."]
[Result "1/2-1/2"]
[WhiteElo "1726"]
[BlackElo "1776"]
[PlyCount "88"]
[EventDate "2015.11.12"]

1. d4 Nf6 2. Nf3 g6 3. c4 Bg7 4. g3 O-O 5. Bg2 d5 6. cxd5 Nxd5 7. O-O c5 8. e4
Nf6 9. Re1 cxd4 10. Qxd4 Qxd4 11. Nxd4 Nfd7 12. Be3 Ne5 13. Nc3 Nbc6 14. Nxc6
bxc6 15. f4 Nd3 16. Re2 Bg4 17. Rc2 Nxb2 18. e5 Nc4 19. Bc5 Bf5 20. Ne4 Nb6 21.
Bxe7 Rfe8 22. Bd6 Rac8 23. Rcc1 Nd5 24. Ba3 Bxe4 25. Bxe4 f6 26. Rxc6 Rxc6 27.
Bxd5+ Rce6 28. exf6 Bxf6 29. Rc1 Bd4+ 30. Kf1 Bb6 31. Rc8 Kg7 32. Bb2+ Kh6 33.
Bxe6 Rxe6 34. Rg8 Kh5 35. Rg7 Kg4 36. Rxh7 Rc6 37. Rd7 Rc2 38. Bf6 Rxh2 39. Bh4
Kf3 40. Ke1 Rxa2 41. Rd6 Be3 42. Kd1 a5 43. Rxg6 Rd2+ 44. Ke1 Re2+ 1/2-1/2